000 00741nam a2200205Ii 4500
003 JO-AjNU
008 230605s9999||||xx |||||||||||||| ||und||
017 _a1999/10/1933
040 _aJO-AjNU
_bara
_erda
_cJO-AjNU
041 _aara
050 1 4 _aKMM158.75.Z34.1999
100 3 _aاعداد الظاهر، راتب عطا الله,
_eauthor
_947212
245 0 0 _aالتشريعات الخاصة بالمحاكم الشرعية
264 3 1 _aد ،م : د ، ن ، 1999
300 _a285ص
336 _atext
_btxt
_2rdacontent
337 _aunmediated
_bn
_2rdamedia
338 _avolume
_bnc
_2rdacarrier
650 4 _aالمحاكم الشرعية -- القضاء الشرعي -- المحاكم الشرعية -- الاردن
_947213
999 _aA20594
_c24162
_d24162